00738nam a2200205 i 450000100060000000300090000600500170001500700030003200800410003510000260007624500910010226000360019330000300022949000260025970000420028583000340032785200320036199900170039395201220041027672ES-MaACL20250902030608.0t|030115s1973 sp ||||1| spa d1 aAudy, Raymond.92387010aEstragia publicitaria y marketing / cRaymond Audy ; [traducción: Esther Benítez]. a[Madrid] : bGuadiana, c[1973] a138 p. : bil. ; c18 cm.1 aLa vida de la empresa1 aBenítez, Esther, d1937-200192760003aLa vida de la empresa9181597 aES-MaACLjC-53499 bR.86262 c27672d27672 00104070aATENEOMbATENEOMcDEPO2d2008-01-17eSCl0oC-53499p1028576r2023-02-23 00:00:00w2023-02-23yMONOGRAFIA